000 00340nam a2200133Ia 4500
008 240624s9999 xx 000 0 und d
041 _aeng
082 _a658.4038 MAR
100 _aMARAKAS GEORGE M
245 _aMODERN DATA WAREHOUSING MINING AND VISUA
260 _c2003
_aNew Delhi
_bPearson Education
300 _axiv, : 274
365 _cRS
999 _c910
_d910